MDQL
is popping MORE tags! Check the
thread
!
Quizzes
Events
Quiz Creation
Community
Videos
Private Events
Remove Ads
Sign In
Join for FREE
Feedback
Dark Mode
Quiz Categories
Sports
Geography
Music
Movies
Television
Just For Fun
Miscellaneous
History
Literature
Language
Science
Gaming
Entertainment
Religion
Holiday
For Kids
Quiz Lab
Recent
Popular Today
Quiz Kudos Today
Editor Picks
Curator Picks
Quizzes by...
Day
Popularity
Type
Ratings
Length
Year
Community
Subscriptions
Recent Discussions
Orange Saloon
Badges
Playlists
Quests
Create
Leaderboards
Showdown
Live 5
Trivia Bingo
Activity
Puzzle Library
Sporcle Events
Private Events
Virtual Trivia
Globe League
Become a Host
Pub Owners
SporcleCon
Opinionation
Our Games
Videos
Blog
Mobile Apps
Partnerships
Remove Ads and Go Orange
Feedback
Gaming
Video Games
Board Games
Card Games
Pokémon
Mario
Nintendo
Minecraft
Console
Toys
Legend of Zelda
Gaming
Video Games
Board Games
Card Games
Pokémon
Mario
Nintendo
Minecraft
Console
Toys
Legend of Zelda
Random Quiz
Search Sporcle
×
Quiz Lab
Quiz Lab
Gaming
Mario
Type in answers that appear in a list
Type in answers that appear in a list
Classic
Best Score? Go Orange.
Super Mario RPG Items Stats
Can you name the items from Super Mario RPG: Legend of the Seven Stars?
By
Perplexity
10m
50 Questions
316 Plays
316 Plays
316 Plays
Comments
Comments
Give Quiz Kudos
Give Quiz Kudos
-
- Ratings
hide this ad
Replay
Link that replays current quiz
Next Quiz
Link to next quiz in quiz playlist
You Got
0%
They Got
Avg Score
45%
Avg Friend Score
Upgrade to see
Score Distribution
Jump to the score distribution portion of the page
Score
0/50
Timer
10:00
0
Plays Today
% Correct
Mushroom
96.8%
Honey Syrup
75.9%
Max Mushroom
75.3%
Maple Syrup
75%
Pick Me Up
74.4%
Mid Mushroom
73.7%
KeroKero Cola
70.3%
Rock Candy
66.1%
Royal Syrup
65.8%
Fire Bomb
61.7%
Able Juice
60.8%
Ice Bomb
60.4%
Flower Tab
58.9%
Red Essence
58.2%
Yoshi Cookie
57.9%
Flower Jar
55.7%
Flower Box
55.1%
Elixir
45.3%
Froggie Drink
44.6%
Bracer
44%
Fright Bomb
44%
Rotten Mush
39.9%
Star Egg
38.9%
Energizer
38.6%
Moldy Mush
38.6%
% Correct
Wilt Shroom
38.6%
Lamb's Lure
37.3%
Pure Water
36.1%
Fireworks
35.8%
Shiny Stone
35.1%
Bright Card
34.5%
Freshen Up
34.5%
Yoshi Candy
34.5%
Crystalline
34.2%
See Ya
32.9%
Muku Cookie
32.6%
Wallet
32.6%
Bad Mushroom
32.3%
Sheep Attack
32.3%
Earlier Times
32%
Megalixir
31.6%
Lucky Jewel
31.3%
Carbo Cookie
31%
Goodie Bag
31%
Sleepy Bomb
30.4%
Mystery Egg
29.4%
Fertilizer
26.3%
Seed
25.9%
Yoshi-Ade
25%
Power Blast
21.8%
Quiz Playlist
Details
Report
Send in Message
Add To Playlist
Classic:
Type in answers that appear in a list
Quiz Source
Last Updated: Feb 16, 2017
Quiz Scoreboard
CHALLENGE
Sign Up to Join the Scoreboard
Show All
Scores
Hide
Comments
May contain spoilers
Recently Published
Image Sorting: Flags VI
by Barbecue
Geography
2m
Find the 'City' Movie
by crazypaving
Movies
60s
Colored Red Africa Blitz
by spor1
Geography
45s
More to Explore
Quiz From the Vault
Featured Blog Post
14 Easter Pick-up Lines to Find Eggs With
hide this ad
You Might Also Like...
Tags
Mario Quiz
item
legend
rpg
RPG Legend
Seven
star
Today's Top Quizzes in Gaming
Browse Gaming
hide this ad
Today's Top Quizzes in Mario
Browse Mario
Top Contributed Quizzes in Gaming
1
League of Legends Pro Players by Career/Team History
2
Destiny 2 exotic weapons by perk icons
3
Genshin murder mystery
4
Dead By Daylight Logic Puzzle
5
Genshin Impact Logic Puzzle
6
Valorant Agent Developer Names (Up to Clove)
7
Overwatch 2: Ultimate Ability Icons
8
4x4 Decades: Video Games
9
Who's on the WWE 2K24 Cover?
10
Undertale Logic Puzzle
Explore More
Trending Topics
Harry Potter
Crossword
Anime
Marvel
NBA
Kpop
Disney
Country
Pokémon
The Office
WWE
Soccer
Puzzle
NFL
Song
hide this ad
More By:
Perplexity
Quiz
Plays
Rating
Category
Featured
Created
Element per Letter
270,720
4.42
Science
Jan 4, 2010
Countries With 'P'
167,176
4.20
Geography
Jan 3, 2010
Game Informer's Top 200 Games of All Time
4,419
3.67
Gaming
Nov 28, 2009
Countries in Japanese
1,737
4.36
Language
Jan 2, 2010
Top Ten Items Stolen From Vehicles
1,673
4.05
Just For Fun
Jan 1, 2010
Go to Creator's Profile
Score Distribution
Quiz Creator Spotlight
Perplexity
Follow
Send a Message
Quizzes Created
-
Created Quiz Play Count
-
More By This Creator
Popular Quizzes Today
1
Colored Red Africa Blitz
2
Find the US States - No Outlines Minefield
3
Find the 'City' Movie
4
5x2 Blitz: Bands
5
The Countries of the World
6
Find the US States
7
Find the Countries of Europe - No Outlines Minefield
8
US States
More Gaming Quizzes
Spot the Pokémon 2
Quiz Lab
Trending Quizzes
Colored Red Europe Blitz I
Colored Red Europe Blitz II
Colored Red Africa Blitz II
Colored Red Europe Blitz III
Colored Red Africa Blitz III
Recently Updated
How Do You Spell That?
pecheneg
Godzilla Movies
pecheneg
Grab Bag: 4-10 Letters
pecheneg
2024 March Madness Bracket
pecheneg
Famous TV Couples
Peacemaker
Champions League XIs: Real Madrid
pecheneg
Largest US Cities 1790-2010
pecheneg
Rides in Walt Disney World
pecheneg
Most Oscar Losses (Acting)
pecheneg
Beyoncé Albums
pecheneg
Trending Topics
NBA
Harry Potter
Marvel
Kpop
Anime
Crossword
Disney
WWE
Puzzle
NFL
The Office
Soccer
Song
Pokémon
Country
Your Account Isn't Verified!
In order to create a playlist on Sporcle, you need to verify the email address you used during registration. Go to your
Sporcle Settings
to finish the process.
Report this User
Report this user for behavior that violates our
Community Guidelines
.
Details:
Send Report
Go to the Sporcle.com Mobile Site →
Comments